| 000 | 006370000a22002170004500 | ||
|---|---|---|---|
| 020 | _a84-7057-296-2 | ||
| 041 | 0 | _aSPA | |
| 082 | 0 | 4 | _aG 232 S3343j |
| 100 | 1 | _aSchillebeeckx, Edward (1914-) | |
| 245 | 1 | 0 | _aJesús : La historia de un viviente / Edward Schillebeeckx ; A. Aramayona, Traductor |
| 250 | _a2 | ||
| 260 | _aMadrid, España : Cristiandad | ||
| 300 | _a692 Pag | ||
| 500 | _aTítulo original : Jezus. Het verhaal van een levende | ||
| 650 | 1 | 4 | _aJESUCRISTO - HUMANIDAD |
| 001 | 4030 | ||
| 942 | _cBK | ||
| 999 |
_c34647 _d34647 |
||
| 336 |
_atexto _btxt _2rdacontent |
||
| 337 |
_2rdamedia _asin mediación _bn |
||
| 338 |
_2rdacarrier _avolumen _bnc |
||